01452nam a2200349Ia 4500001001200000003000800012006001900020007001500039008004100054010001700095020001800112020001500130020001500145020001800160040002100178035002100199050002700220100002000247245010300267260010700370300005500477490001900532504006600551533015200617600006800769650003900837655002900876710001700905830003700922856012600959999001701085ebr10267542CaPaEBRm u cr cn|||||||||080716s2007 enkaf sb 001 0 eng d z 2008275082 z9781845115180 z184511518X z1845115198 z9781845115197 aCaPaEBRcCaPaEBR a(OCoLC)47113343714aND237.F675bR69 2007eb1 aRowley, Alison.10aHelen Frankenthalerh[electronic resource] :bpainting history, writing painting /cAlison Rowley. aLondon ;aNew York :bI.B. Tauris ;aNew York :bDistributed in the USA by Palgrave Macmillan,cc2007. axv, 166 p., [16] p. of plates :bill. (some col.).1 aNew encounters aIncludes bibliographical references (p. [152]-162) and index. aElectronic reproduction.bPalo Alto, Calif. :cebrary,d2013.nAvailable via World Wide Web.nAccess may be limited to ebrary affiliated libraries.10aFrankenthaler, Helen,d1928-2011xCriticism and interpretation. 0aPainting, AbstractzUnited States. 7aElectronic books.2local2 aebrary, Inc. 0aNew encounters (London, England)40uhttp://site.ebrary.com/lib/rucke/Doc?id=10267542zAn electronic book accessible through the World Wide Web; click to view c24355d24355